000 00449nam a22001817a 4500
020 _a9508942800
080 _a347.72.04 Sk 31
100 _aSkiarski, Enrique M
245 _aEscicion de Empresas
_bmarco juridico, contable y fiscal
260 _aBuenos Aires
_bAd= Hoc
_c2001
300 _a174 P:
650 _xempresas
650 _xescision
650 _xbalances
650 _xproceso de escision
945 _acd
_d2015-03-05
999 _c3606
_d234110
942 _6_